Miasta w Polsce zakończone na -l na mapie - Statystyki

Ogólne statystyki
  • Ten quiz został rozwiązany 352 razy
    203 od ostatniego zresetowania
  • Średni wynik to 7 z 18
Odpowiedzi na mapie
Odpowiedzi zakodowano w zielono-czerwonej skali na mapie do tego quizu, zgodnie z poniższymi procentami.
 
Statystyki odpowiedzi
Województwo Miasto % Poprawnych
Pomorskie Hel
92%
Podkarpackie Przemyśl
86%
Lubuskie Nowa Sól
58%
Lubelskie Terespol
49%
Wielkopolskie Nowy Tomyśl
44%
Lubelskie Annopol
36%
Podlaskie Supraśl
35%
Śląskie Koniecpol
34%
Lubelskie Frampol
31%
Kujawsko-pomorskie Kowal
25%
Podkarpackie Narol
24%
Zachodniopomorskie Chociwel
23%
Warmińsko-mazurskie Reszel
23%
Warmińsko-mazurskie Sępopol
22%
Lubuskie Trzciel
21%
Wielkopolskie Zaniemyśl
21%
Wielkopolskie Śmigiel
18%
Wielkopolskie Rychtal
16%
Nie znaleziono quizów pasujących do podanych kryteriów
Rozkład punktacji
Procent ludzi z każdym wynikiem
Percentyl według liczby udzielonych odpowiedzi
Twoja historia wyników
Nie rozwiązałeś tego quizu od ostatniego zresetowania